[Event "DEM U18 2025"]
[Site "Willingen GER"]
[Date "2025.06.10"]
[Round "4"]
[White "Schwarz, David"]
[Black "Lübke, Florentin"]
[Result "0-1"]
[Termination "normal"]
[Board "6"]
[WhiteElo "2137"]
[BlackElo "2180"]
[WhiteClock "00:32:28"]
[BlackClock "00:19:35"]
[PlyCount "100"]
[WhiteFideId "16287614"]
[BlackFideId "16281799"]
[EventCountry "GER"]
[EventRounds "9"]
[EventType "swiss"]
[EventDate "2025.06.07"]

1. d4 {[%clk 01:30:58]} {[%emt 00:00:01]} d5 {[%clk 01:29:42]} {[%emt
00:01:09]} 2. c3 {[%clk 01:31:26]} {[%emt 00:00:11]} c5 {[%clk 01:29:31]}
{[%emt 00:00:40]} 3. dxc5 {[%clk 01:31:44]} {[%emt 00:00:13]} e6 {[%clk
01:28:29]} {[%emt 00:01:32]} 4. b4 {[%clk 01:31:43]} {[%emt 00:00:32]} a5
{[%clk 01:28:18]} {[%emt 00:00:41]} 5. a3 {[%clk 01:32:01]} {[%emt 00:00:12]}
axb4 {[%clk 01:28:02]} {[%emt 00:00:45]} 6. cxb4 {[%clk 01:32:24]} {[%emt
00:00:06]} b6 {[%clk 01:27:29]} {[%emt 00:01:03]} 7. cxb6 {[%clk 01:29:43]}
{[%emt 00:03:11]} Bxb4+ {[%clk 01:24:28]} {[%emt 00:03:31]} 8. axb4 {[%clk
01:30:09]} {[%emt 00:00:06]} Rxa1 {[%clk 01:22:56]} {[%emt 00:02:02]} 9. Bb2
{[%clk 01:29:52]} {[%emt 00:00:47]} Rxb1 {[%clk 01:17:14]} {[%emt 00:06:12]}
10. Qxb1 {[%clk 01:30:03]} {[%emt 00:00:20]} Nf6 {[%clk 01:08:13]} {[%emt
00:09:30]} 11. Bd4 {[%clk 01:28:05]} {[%emt 00:02:27]} Nbd7 {[%clk 01:06:11]}
{[%emt 00:02:32]} 12. e3 {[%clk 01:26:52]} {[%emt 00:01:44]} Nxb6 {[%clk
01:04:29]} {[%emt 00:02:12]} 13. Bb5+ {[%clk 01:24:34]} {[%emt 00:02:48]} Bd7
{[%clk 01:04:10]} {[%emt 00:00:49]} 14. Bxd7+ {[%clk 01:23:07]} {[%emt
00:01:58]} Nfxd7 {[%clk 00:56:36]} {[%emt 00:08:03]} 15. Bxg7 {[%clk 01:14:08]}
{[%emt 00:09:29]} Qg5 {[%clk 00:54:50]} {[%emt 00:02:16]} 16. Bxh8 {[%clk
01:11:39]} {[%emt 00:02:59]} Qxg2 {[%clk 00:55:07]} {[%emt 00:00:12]} 17. Qxh7
{[%clk 01:11:59]} {[%emt 00:00:11]} Nc4 {[%clk 00:52:14]} {[%emt 00:03:24]} 18.
Bc3 {[%clk 01:03:55]} {[%emt 00:08:34]} Qxh1 {[%clk 00:45:23]} {[%emt
00:07:21]} 19. Kf1 {[%clk 01:03:51]} {[%emt 00:00:35]} Nf8 {[%clk 00:44:29]}
{[%emt 00:01:23]} 20. Qh8 {[%clk 00:55:34]} {[%emt 00:08:47]} Qe4 {[%clk
00:43:48]} {[%emt 00:01:10]} 21. h4 {[%clk 00:55:05]} {[%emt 00:01:00]} e5
{[%clk 00:42:37]} {[%emt 00:01:40]} 22. b5 {[%clk 00:47:43]} {[%emt 00:07:54]}
Qd3+ {[%clk 00:31:25]} {[%emt 00:11:41]} 23. Ne2 {[%clk 00:42:11]} {[%emt
00:06:01]} Qd1+ {[%clk 00:27:37]} {[%emt 00:04:18]} 24. Be1 {[%clk 00:41:56]}
{[%emt 00:00:46]} Ke7 {[%clk 00:08:11]} {[%emt 00:19:56]} 25. h5 {[%clk
00:26:30]} {[%emt 00:15:56]} Ne6 {[%clk 00:05:17]} {[%emt 00:03:25]} 26. Ng3
{[%clk 00:25:33]} {[%emt 00:01:26]} Nd2+ {[%clk 00:03:42]} {[%emt 00:02:06]}
27. Kg2 {[%clk 00:25:58]} {[%emt 00:00:04]} Qxe1 {[%clk 00:03:07]} {[%emt
00:01:06]} 28. Qxe5 {[%clk 00:26:18]} {[%emt 00:00:10]} Qg1+ {[%clk 00:03:15]}
{[%emt 00:00:21]} 29. Kh3 {[%clk 00:19:33]} {[%emt 00:07:15]} Ne4 {[%clk
00:02:15]} {[%emt 00:01:31]} 30. Nxe4 {[%clk 00:14:34]} {[%emt 00:05:29]} Qh1+
{[%clk 00:02:30]} {[%emt 00:00:15]} 31. Kg3 {[%clk 00:12:40]} {[%emt 00:02:23]}
dxe4 {[%clk 00:02:54]} {[%emt 00:00:07]} 32. Qf5 {[%clk 00:12:43]} {[%emt
00:00:27]} Qg1+ {[%clk 00:01:38]} {[%emt 00:01:46]} 33. Kh4 {[%clk 00:13:05]}
{[%emt 00:00:07]} Qh2+ {[%clk 00:01:42]} {[%emt 00:00:26]} 34. Kg4 {[%clk
00:13:07]} {[%emt 00:00:28]} Qg2+ {[%clk 00:02:10]} {[%emt 00:00:02]} 35. Kh4
{[%clk 00:13:31]} {[%emt 00:00:06]} Qh2+ {[%clk 00:02:07]} {[%emt 00:00:34]}
36. Kg4 {[%clk 00:13:59]} {[%emt 00:00:02]} Qg2+ {[%clk 00:02:10]} {[%emt
00:00:27]} 37. Kh4 {[%clk 00:14:05]} {[%emt 00:00:23]} f6 {[%clk 00:02:32]}
{[%emt 00:00:09]} 38. b6 {[%clk 00:11:49]} {[%emt 00:02:46]} Qh2+ {[%clk
00:02:57]} {[%emt 00:00:05]} 39. Kg4 {[%clk 00:12:18]} {[%emt 00:00:01]} Qg2+
{[%clk 00:03:18]} {[%emt 00:00:09]} 40. Kh4 {[%clk 00:12:46]} {[%emt 00:00:02]}
Ng5 {[%clk 00:00:45]} {[%emt 00:03:02]} 41. Qc5+ {[%clk 00:11:28]} {[%emt
00:01:48]} Kf7 {[%clk 00:26:16]} {[%emt 00:04:59]} 42. Qc7+ {[%clk 00:40:04]}
{[%emt 00:01:54]} Kf8 {[%clk 00:22:18]} {[%emt 00:04:27]} 43. Qb8+ {[%clk
00:31:10]} {[%emt 00:09:24]} Kg7 {[%clk 00:19:47]} {[%emt 00:03:02]} 44. Qg3
{[%clk 00:31:14]} {[%emt 00:00:25]} Qh1+ {[%clk 00:18:18]} {[%emt 00:02:00]}
45. Kg4 {[%clk 00:31:35]} {[%emt 00:00:08]} Qd1+ {[%clk 00:18:18]} {[%emt
00:00:30]} 46. Kh4 {[%clk 00:31:59]} {[%emt 00:00:06]} Kh6 {[%clk 00:18:16]}
{[%emt 00:00:32]} 47. Qg4 {[%clk 00:31:18]} {[%emt 00:01:11]} Qh1+ {[%clk
00:18:39]} {[%emt 00:00:07]} 48. Kg3 {[%clk 00:31:43]} {[%emt 00:00:06]} Qg1+
{[%clk 00:18:54]} {[%emt 00:00:14]} 49. Kh4 {[%clk 00:32:04]} {[%emt 00:00:05]}
Qh2+ {[%clk 00:19:18]} {[%emt 00:00:11]} 50. Qh3 {[%clk 00:32:28]} {[%emt
00:00:05]} Qxh3# {[%clk 00:19:35]} {[%emt 00:00:13]} 0-1

[Event "DEM U18 2025"]
[Site "Willingen GER"]
[Date "2025.06.10"]
[Round "4"]
[White "Vollbehr, Bjarne"]
[Black "Neuhoff, Laertes"]
[Result "1-0"]
[Termination "normal"]
[Board "7"]
[WhiteTitle "CM"]
[WhiteElo "2163"]
[BlackElo "2130"]
[WhiteClock "00:28:02"]
[BlackClock "00:19:29"]
[PlyCount "127"]
[WhiteFideId "34606025"]
[BlackFideId "16279719"]
[EventCountry "GER"]
[EventRounds "9"]
[EventType "swiss"]
[EventDate "2025.06.07"]

1. Nf3 {[%clk 01:30:56]} {[%emt 00:00:03]} d5 {[%clk 01:30:57]} {[%emt
00:00:04]} 2. c4 {[%clk 01:31:16]} {[%emt 00:00:09]} e6 {[%clk 01:31:13]}
{[%emt 00:00:14]} 3. g3 {[%clk 01:31:20]} {[%emt 00:00:26]} Nf6 {[%clk
01:31:19]} {[%emt 00:00:25]} 4. Bg2 {[%clk 01:31:34]} {[%emt 00:00:15]} dxc4
{[%clk 01:31:44]} {[%emt 00:00:06]} 5. Qa4+ {[%clk 01:31:42]} {[%emt 00:00:21]}
Nbd7 {[%clk 01:32:05]} {[%emt 00:00:10]} 6. Qxc4 {[%clk 01:30:43]} {[%emt
00:01:28]} a6 {[%clk 01:32:31]} {[%emt 00:00:06]} 7. O-O {[%clk 01:29:42]}
{[%emt 00:01:21]} b5 {[%clk 01:31:07]} {[%emt 00:02:03]} 8. Qc2 {[%clk
01:28:12]} {[%emt 00:01:59]} Bb7 {[%clk 01:31:28]} {[%emt 00:00:10]} 9. a4
{[%clk 01:23:41]} {[%emt 00:05:00]} b4 {[%clk 01:23:02]} {[%emt 00:08:57]} 10.
d3 {[%clk 01:22:02]} {[%emt 00:02:08]} Bd6 {[%clk 01:22:42]} {[%emt 00:00:51]}
11. Nbd2 {[%clk 01:22:09]} {[%emt 00:00:22]} O-O {[%clk 01:23:04]} {[%emt
00:00:08]} 12. Nc4 {[%clk 01:21:41]} {[%emt 00:00:57]} a5 {[%clk 01:23:18]}
{[%emt 00:00:17]} 13. e4 {[%clk 01:18:44]} {[%emt 00:03:26]} e5 {[%clk
01:23:01]} {[%emt 00:00:48]} 14. b3 {[%clk 01:17:07]} {[%emt 00:02:07]} Qe7
{[%clk 01:08:15]} {[%emt 00:15:16]} 15. Bb2 {[%clk 01:14:29]} {[%emt 00:03:08]}
c5 {[%clk 01:03:37]} {[%emt 00:05:09]} 16. Nfd2 {[%clk 01:04:11]} {[%emt
00:10:48]} Ne8 {[%clk 00:59:31]} {[%emt 00:04:35]} 17. Bh3 {[%clk 01:02:35]}
{[%emt 00:02:06]} Bc8 {[%clk 00:56:06]} {[%emt 00:03:56]} 18. Ne3 {[%clk
00:57:14]} {[%emt 00:05:49]} Nb6 {[%clk 00:55:04]} {[%emt 00:01:33]} 19. Bxc8
{[%clk 00:53:23]} {[%emt 00:04:21]} Rxc8 {[%clk 00:55:31]} {[%emt 00:00:03]}
20. f4 {[%clk 00:49:55]} {[%emt 00:03:58]} f6 {[%clk 00:50:09]} {[%emt
00:05:53]} 21. Ndc4 {[%clk 00:35:09]} {[%emt 00:15:14]} Nxc4 {[%clk 00:49:47]}
{[%emt 00:00:53]} 22. Qxc4+ {[%clk 00:35:35]} {[%emt 00:00:04]} Kh8 {[%clk
00:49:15]} {[%emt 00:01:03]} 23. Nd5 {[%clk 00:35:04]} {[%emt 00:01:01]} Qe6
{[%clk 00:48:06]} {[%emt 00:01:39]} 24. f5 {[%clk 00:27:01]} {[%emt 00:08:33]}
Qf7 {[%clk 00:45:56]} {[%emt 00:02:39]} 25. Rac1 {[%clk 00:22:37]} {[%emt
00:04:53]} Bb8 {[%clk 00:38:23]} {[%emt 00:08:04]} 26. Qa6 {[%clk 00:21:09]}
{[%emt 00:01:58]} Nc7 {[%clk 00:36:13]} {[%emt 00:02:40]} 27. Nxc7 {[%clk
00:21:04]} {[%emt 00:00:35]} Rxc7 {[%clk 00:36:29]} {[%emt 00:00:15]} 28. Qc4
{[%clk 00:21:07]} {[%emt 00:00:27]} Qxc4 {[%clk 00:36:06]} {[%emt 00:00:52]}
29. dxc4 {[%clk 00:21:14]} {[%emt 00:00:23]} Rd7 {[%clk 00:19:03]} {[%emt
00:17:33]} 30. Rcd1 {[%clk 00:21:01]} {[%emt 00:00:43]} Rd4 {[%clk 00:08:43]}
{[%emt 00:10:51]} 31. Bxd4 {[%clk 00:21:23]} {[%emt 00:00:07]} exd4 {[%clk
00:09:11]} {[%emt 00:00:02]} 32. Kf2 {[%clk 00:20:24]} {[%emt 00:01:29]} Be5
{[%clk 00:09:13]} {[%emt 00:00:28]} 33. Ke2 {[%clk 00:20:02]} {[%emt 00:00:52]}
Kg8 {[%clk 00:03:32]} {[%emt 00:06:11]} 34. Kd3 {[%clk 00:19:44]} {[%emt
00:00:48]} Kf7 {[%clk 00:03:54]} {[%emt 00:00:09]} 35. Rd2 {[%clk 00:19:35]}
{[%emt 00:00:38]} Rh8 {[%clk 00:03:05]} {[%emt 00:01:19]} 36. Rg2 {[%clk
00:18:52]} {[%emt 00:01:12]} h6 {[%clk 00:02:05]} {[%emt 00:01:31]} 37. Rfg1
{[%clk 00:17:22]} {[%emt 00:02:00]} Rh7 {[%clk 00:02:25]} {[%emt 00:00:10]} 38.
h4 {[%clk 00:16:56]} {[%emt 00:00:56]} Rh8 {[%clk 00:02:23]} {[%emt 00:00:32]}
39. g4 {[%clk 00:15:34]} {[%emt 00:01:52]} Rh7 {[%clk 00:02:05]} {[%emt
00:00:48]} 40. Rh1 {[%clk 00:15:52]} {[%emt 00:00:12]} Rh8 {[%clk 00:01:40]}
{[%emt 00:00:56]} 41. Rgg1 {[%clk 00:16:10]} {[%emt 00:00:11]} Rh7 {[%clk
00:28:42]} {[%emt 00:03:28]} 42. Rh3 {[%clk 00:39:28]} {[%emt 00:07:12]} Rh8
{[%clk 00:28:23]} {[%emt 00:00:49]} 43. Rgh1 {[%clk 00:39:21]} {[%emt
00:00:37]} Rh7 {[%clk 00:27:01]} {[%emt 00:01:52]} 44. Ke2 {[%clk 00:39:43]}
{[%emt 00:00:08]} Rh8 {[%clk 00:27:21]} {[%emt 00:00:10]} 45. Kf3 {[%clk
00:40:07]} {[%emt 00:00:07]} Rh7 {[%clk 00:26:49]} {[%emt 00:01:02]} 46. g5
{[%clk 00:38:40]} {[%emt 00:01:56]} hxg5 {[%clk 00:27:14]} {[%emt 00:00:04]}
47. hxg5 {[%clk 00:39:02]} {[%emt 00:00:08]} Rxh3+ {[%clk 00:27:40]} {[%emt
00:00:05]} 48. Rxh3 {[%clk 00:39:24]} {[%emt 00:00:06]} fxg5 {[%clk 00:28:07]}
{[%emt 00:00:06]} 49. Rh5 {[%clk 00:36:43]} {[%emt 00:03:09]} Kf6 {[%clk
00:22:49]} {[%emt 00:05:49]} 50. Rh8 {[%clk 00:36:29]} {[%emt 00:00:43]} d3
{[%clk 00:22:03]} {[%emt 00:01:17]} 51. Rd8 {[%clk 00:29:01]} {[%emt 00:07:57]}
Bd4 {[%clk 00:22:01]} {[%emt 00:00:33]} 52. Rd6+ {[%clk 00:29:13]} {[%emt
00:00:17]} Kf7 {[%clk 00:18:24]} {[%emt 00:04:08]} 53. Rg6 {[%clk 00:29:24]}
{[%emt 00:00:19]} d2 {[%clk 00:17:41]} {[%emt 00:01:13]} 54. Ke2 {[%clk
00:29:43]} {[%emt 00:00:12]} Be3 {[%clk 00:18:04]} {[%emt 00:00:06]} 55. e5
{[%clk 00:29:44]} {[%emt 00:00:30]} Bf4 {[%clk 00:18:27]} {[%emt 00:00:06]} 56.
Rd6 {[%clk 00:28:57]} {[%emt 00:01:16]} Bxe5 {[%clk 00:17:59]} {[%emt
00:00:59]} 57. Rxd2 {[%clk 00:29:02]} {[%emt 00:00:25]} Kf6 {[%clk 00:17:49]}
{[%emt 00:00:41]} 58. Rd5 {[%clk 00:29:04]} {[%emt 00:00:27]} Kxf5 {[%clk
00:17:56]} {[%emt 00:00:23]} 59. Rxc5 {[%clk 00:29:18]} {[%emt 00:00:15]} Kf4
{[%clk 00:18:01]} {[%emt 00:00:26]} 60. Rxa5 {[%clk 00:29:09]} {[%emt
00:00:39]} Bd4 {[%clk 00:18:26]} {[%emt 00:00:05]} 61. Rd5 {[%clk 00:28:06]}
{[%emt 00:01:34]} Be3 {[%clk 00:18:35]} {[%emt 00:00:21]} 62. Rf5+ {[%clk
00:27:39]} {[%emt 00:00:57]} Kxf5 {[%clk 00:19:03]} {[%emt 00:00:02]} 63. Kxe3
{[%clk 00:28:02]} {[%emt 00:00:06]} Kg4 {[%clk 00:19:29]} {[%emt 00:00:05]} 64.
Ke4 {[%emt 00:00:40]} 1-0

[Event "DEM U18 2025"]
[Site "Willingen GER"]
[Date "2025.06.10"]
[Round "4"]
[White "Englert, Luca"]
[Black "Beyer, Lorenz"]
[Result "1-0"]
[Termination "normal"]
[Board "8"]
[WhiteTitle "FM"]
[WhiteElo "2333"]
[BlackElo "2226"]
[WhiteClock "00:26:55"]
[BlackClock "00:17:24"]
[PlyCount "93"]
[WhiteFideId "16293088"]
[BlackFideId "16245393"]
[EventCountry "GER"]
[EventRounds "9"]
[EventType "swiss"]
[EventDate "2025.06.07"]

1. c4 {[%clk 01:30:59]} {[%emt 00:00:02]} e6 {[%clk 01:30:56]} {[%emt
00:00:04]} 2. Nc3 {[%clk 01:31:24]} {[%emt 00:00:04]} d5 {[%clk 01:31:22]}
{[%emt 00:00:04]} 3. d4 {[%clk 01:31:50]} {[%emt 00:00:04]} Nf6 {[%clk
01:31:48]} {[%emt 00:00:05]} 4. cxd5 {[%clk 01:32:16]} {[%emt 00:00:04]} exd5
{[%clk 01:32:14]} {[%emt 00:00:04]} 5. Bg5 {[%clk 01:32:40]} {[%emt 00:00:06]}
Be7 {[%clk 01:32:39]} {[%emt 00:00:04]} 6. e3 {[%clk 01:33:05]} {[%emt
00:00:05]} c6 {[%clk 01:33:06]} {[%emt 00:00:03]} 7. Bd3 {[%clk 01:33:30]}
{[%emt 00:00:05]} O-O {[%clk 01:33:31]} {[%emt 00:00:05]} 8. Qc2 {[%clk
01:33:55]} {[%emt 00:00:05]} h6 {[%clk 01:33:58]} {[%emt 00:00:04]} 9. Bf4
{[%clk 01:34:19]} {[%emt 00:00:05]} Re8 {[%clk 01:32:36]} {[%emt 00:01:52]} 10.
Nf3 {[%clk 01:34:22]} {[%emt 00:00:27]} Bf8 {[%clk 01:31:01]} {[%emt 00:02:05]}
11. h3 {[%clk 01:34:20]} {[%emt 00:00:32]} a5 {[%clk 01:30:25]} {[%emt
00:01:07]} 12. O-O {[%clk 01:34:37]} {[%emt 00:00:12]} Na6 {[%clk 01:30:48]}
{[%emt 00:00:08]} 13. a3 {[%clk 01:35:01]} {[%emt 00:00:06]} Nc7 {[%clk
01:27:35]} {[%emt 00:03:42]} 14. Ne5 {[%clk 01:28:59]} {[%emt 00:06:32]} Ne6
{[%clk 01:23:46]} {[%emt 00:04:19]} 15. Bh2 {[%clk 01:26:45]} {[%emt 00:02:44]}
Ng5 {[%clk 01:20:08]} {[%emt 00:04:09]} 16. Kh1 {[%clk 01:21:21]} {[%emt
00:05:53]} Bd7 {[%clk 01:10:11]} {[%emt 00:10:28]} 17. Na4 {[%clk 01:15:01]}
{[%emt 00:06:50]} Bc8 {[%clk 00:53:39]} {[%emt 00:17:01]} 18. Rab1 {[%clk
01:09:29]} {[%emt 00:06:02]} Nd7 {[%clk 00:48:31]} {[%emt 00:05:38]} 19. b4
{[%clk 01:02:35]} {[%emt 00:07:24]} axb4 {[%clk 00:48:18]} {[%emt 00:00:43]}
20. axb4 {[%clk 01:02:50]} {[%emt 00:00:16]} Nxe5 {[%clk 00:48:05]} {[%emt
00:00:43]} 21. Bxe5 {[%clk 01:03:09]} {[%emt 00:00:10]} Bd6 {[%clk 00:46:27]}
{[%emt 00:02:08]} 22. Bxd6 {[%clk 00:53:50]} {[%emt 00:09:49]} Qxd6 {[%clk
00:45:29]} {[%emt 00:01:28]} 23. b5 {[%clk 00:48:31]} {[%emt 00:05:49]} Bxh3
{[%clk 00:32:59]} {[%emt 00:12:59]} 24. f4 {[%clk 00:36:12]} {[%emt 00:12:49]}
Ne4 {[%clk 00:32:13]} {[%emt 00:01:16]} 25. Bxe4 {[%clk 00:28:23]} {[%emt
00:08:20]} Rxe4 {[%clk 00:32:00]} {[%emt 00:00:42]} 26. gxh3 {[%clk 00:28:30]}
{[%emt 00:00:23]} Rxe3 {[%clk 00:31:51]} {[%emt 00:00:40]} 27. bxc6 {[%clk
00:23:12]} {[%emt 00:05:48]} bxc6 {[%clk 00:28:48]} {[%emt 00:03:33]} 28. Rb3
{[%clk 00:23:30]} {[%emt 00:00:12]} Qe6 {[%clk 00:22:53]} {[%emt 00:06:25]} 29.
f5 {[%clk 00:21:03]} {[%emt 00:02:57]} Qe7 {[%clk 00:22:23]} {[%emt 00:01:00]}
30. f6 {[%clk 00:20:41]} {[%emt 00:00:51]} Qe6 {[%clk 00:21:57]} {[%emt
00:00:56]} 31. Qg2 {[%clk 00:20:46]} {[%emt 00:00:25]} g6 {[%clk 00:19:38]}
{[%emt 00:02:49]} 32. Nc5 {[%clk 00:21:06]} {[%emt 00:00:10]} Qe8 {[%clk
00:19:33]} {[%emt 00:00:35]} 33. Qd2 {[%clk 00:13:22]} {[%emt 00:08:14]} Rxb3
{[%clk 00:17:31]} {[%emt 00:02:32]} 34. Qxh6 {[%clk 00:13:24]} {[%emt
00:00:28]} Rxh3+ 35. Qxh3 {[%clk 00:13:53]} Qe2 {[%clk 00:16:08]} {[%emt
00:02:05]} 36. Qf3 {[%clk 00:13:39]} {[%emt 00:00:43]} Qd2 {[%clk 00:14:15]}
{[%emt 00:02:23]} 37. Qf4 {[%clk 00:13:43]} {[%emt 00:00:27]} Qe2 {[%clk
00:14:18]} {[%emt 00:00:27]} 38. Qf3 {[%clk 00:14:02]} {[%emt 00:00:10]} Qd2
{[%clk 00:14:47]} {[%emt 00:00:02]} 39. Qf4 {[%clk 00:13:07]} {[%emt 00:01:25]}
Qe2 {[%clk 00:15:03]} {[%emt 00:00:12]} 40. Rb1 {[%clk 00:06:26]} Qh5+ {[%clk
00:06:09]} {[%emt 00:20:44]} 41. Kg1 {[%clk 00:28:35]} Re8 {[%clk 00:27:43]}
{[%emt 00:13:08]} 42. Nd7 {[%clk 00:26:55]} Qh7 {[%clk 00:27:43]} 43. Ne5
{[%clk 00:26:55]} Qh3 {[%clk 00:27:43]} 44. Nf3 {[%clk 00:26:55]} Qh5 {[%clk
00:17:24]} 45. Re1 {[%clk 00:26:55]} Qh1+ {[%clk 00:27:43]} 46. Kf2 {[%clk
00:26:55]} Qh5 {[%clk 00:17:24]} 47. Kg3 {[%clk 00:26:55]} 1-0

[Event "DEM U18 2025"]
[Site "Willingen GER"]
[Date "2025.06.10"]
[Round "4"]
[White "Ensslinger, Colin"]
[Black "Stork, Christopher"]
[Result "1/2-1/2"]
[Termination "normal"]
[Board "9"]
[WhiteElo "2081"]
[BlackElo "2132"]
[WhiteClock "00:23:06"]
[BlackClock "00:49:53"]
[PlyCount "42"]
[WhiteFideId "16226011"]
[BlackFideId "16215400"]
[EventCountry "GER"]
[EventRounds "9"]
[EventType "swiss"]
[EventDate "2025.06.07"]

1. Nf3 {[%clk 01:30:58]} {[%emt 00:00:01]} Nf6 {[%clk 01:30:33]} {[%emt
00:00:27]} 2. g3 {[%clk 01:31:18]} {[%emt 00:00:10]} d5 {[%clk 01:30:22]}
{[%emt 00:00:41]} 3. Bg2 {[%clk 01:31:43]} {[%emt 00:00:05]} c6 {[%clk
01:30:25]} {[%emt 00:00:28]} 4. O-O {[%clk 01:31:43]} {[%emt 00:00:28]} Bg4
{[%clk 01:30:04]} {[%emt 00:00:52]} 5. d4 {[%clk 01:30:44]} {[%emt 00:01:30]}
Nbd7 {[%clk 01:28:30]} {[%emt 00:02:04]} 6. c4 {[%clk 01:30:38]} {[%emt
00:00:35]} e6 {[%clk 01:28:21]} {[%emt 00:00:40]} 7. Qb3 {[%clk 01:29:57]}
{[%emt 00:01:10]} Qb6 {[%clk 01:25:28]} {[%emt 00:03:25]} 8. h3 {[%clk
01:29:37]} {[%emt 00:00:49]} Bf5 {[%clk 01:21:43]} {[%emt 00:04:15]} 9. Nc3
{[%clk 01:29:58]} {[%emt 00:00:08]} h6 {[%clk 01:20:19]} {[%emt 00:01:54]} 10.
c5 {[%clk 01:28:33]} {[%emt 00:01:56]} Qxb3 {[%clk 01:12:58]} {[%emt 00:07:50]}
11. axb3 {[%clk 01:28:36]} {[%emt 00:00:28]} a6 {[%clk 01:11:35]} {[%emt
00:01:53]} 12. b4 {[%clk 01:26:03]} {[%emt 00:03:02]} Rc8 {[%clk 01:09:09]}
{[%emt 00:02:57]} 13. Re1 {[%clk 01:10:03]} {[%emt 00:16:30]} Be7 {[%clk
01:05:04]} {[%emt 00:04:35]} 14. g4 {[%clk 00:59:37]} {[%emt 00:10:56]} Bc2
{[%clk 01:02:06]} {[%emt 00:03:27]} 15. Bf4 {[%clk 00:57:48]} {[%emt 00:02:20]}
O-O {[%clk 00:59:42]} {[%emt 00:02:53]} 16. Rec1 {[%clk 00:57:03]} {[%emt
00:01:15]} Bh7 {[%clk 00:59:14]} {[%emt 00:00:58]} 17. Nd2 {[%clk 00:56:10]}
{[%emt 00:01:23]} Bd8 {[%clk 00:57:23]} {[%emt 00:02:23]} 18. Bg3 {[%clk
00:36:03]} {[%emt 00:20:36]} Bc7 {[%clk 00:56:09]} {[%emt 00:01:44]} 19. f4
{[%clk 00:33:04]} {[%emt 00:03:28]} Ne8 {[%clk 00:52:42]} {[%emt 00:03:58]} 20.
e3 {[%clk 00:29:39]} {[%emt 00:03:55]} Rb8 {[%clk 00:49:53]} {[%emt 00:03:19]}
21. Bf1 {[%clk 00:23:06]} {[%emt 00:07:02]} f5 {[%emt 00:10:30]} 1/2-1/2

[Event "DEM U18 2025"]
[Site "Willingen GER"]
[Date "2025.06.10"]
[Round "4"]
[White "Petzold, Johannes Julius"]
[Black "Müller, Maximilian"]
[Result "1-0"]
[Termination "normal"]
[Board "10"]
[WhiteElo "1986"]
[BlackElo "2018"]
[WhiteClock "00:45:04"]
[BlackClock "00:38:29"]
[PlyCount "39"]
[WhiteFideId "16289455"]
[BlackFideId "16243552"]
[EventCountry "GER"]
[EventRounds "9"]
[EventType "swiss"]
[EventDate "2025.06.07"]

1. e4 {[%clk 01:30:58]} c6 {[%clk 01:30:55]} {[%emt 00:00:07]} 2. d4 {[%clk
01:31:18]} {[%emt 00:00:09]} d5 {[%clk 01:31:21]} {[%emt 00:00:04]} 3. f3
{[%clk 01:31:31]} {[%emt 00:00:17]} dxe4 {[%clk 01:31:10]} {[%emt 00:00:42]} 4.
fxe4 {[%clk 01:31:57]} {[%emt 00:00:03]} e5 {[%clk 01:31:36]} {[%emt 00:00:04]}
5. Nf3 {[%clk 01:32:16]} {[%emt 00:00:12]} Bg4 {[%clk 01:20:02]} {[%emt
00:12:03]} 6. c3 {[%clk 01:32:28]} {[%emt 00:00:18]} Nd7 {[%clk 00:52:15]}
{[%emt 00:28:17]} 7. Nbd2 {[%clk 01:32:37]} {[%emt 00:00:22]} exd4 {[%clk
00:44:34]} {[%emt 00:08:10]} 8. cxd4 {[%clk 01:28:20]} {[%emt 00:04:47]} Bb4
{[%clk 00:44:58]} {[%emt 00:00:06]} 9. Bc4 {[%clk 01:25:04]} {[%emt 00:03:46]}
Bxf3 {[%clk 00:42:22]} {[%emt 00:03:06]} 10. Qxf3 {[%clk 01:24:54]} {[%emt
00:00:40]} Qh4+ {[%clk 00:42:48]} {[%emt 00:00:04]} 11. g3 {[%clk 01:22:47]}
{[%emt 00:02:37]} Qf6 {[%clk 00:43:14]} {[%emt 00:00:04]} 12. Qb3 {[%clk
01:10:52]} {[%emt 00:12:24]} Bxd2+ {[%clk 00:43:38]} {[%emt 00:00:06]} 13. Bxd2
{[%clk 01:11:18]} {[%emt 00:00:04]} O-O-O {[%clk 00:44:04]} {[%emt 00:00:04]}
14. e5 {[%clk 01:06:11]} {[%emt 00:05:38]} Qf5 {[%clk 00:42:14]} {[%emt
00:02:19]} 15. O-O-O {[%clk 01:04:32]} {[%emt 00:02:08]} f6 {[%clk 00:40:53]}
{[%emt 00:01:53]} 16. Be6 {[%clk 00:54:39]} {[%emt 00:10:23]} Qe4 {[%clk
00:41:03]} {[%emt 00:00:19]} 17. Bf4 {[%clk 00:47:40]} {[%emt 00:07:30]} Ne7
{[%clk 00:39:13]} {[%emt 00:02:21]} 18. exf6 {[%clk 00:44:22]} {[%emt
00:03:48]} gxf6 {[%clk 00:38:06]} {[%emt 00:01:36]} 19. Rhe1 {[%clk 00:44:47]}
{[%emt 00:00:05]} Qg6 {[%clk 00:38:29]} {[%emt 00:00:08]} 20. Bf7 {[%clk
00:45:04]} {[%emt 00:00:12]} 1-0